000 nam a22 7a 4500
999 _c10296
_d10296
008 180213b ||||| |||| 00| 0 eng d
100 _aKhanna, A C
_96250
245 _aEnglish grammer - VI
260 _aNew Delhi
_bKohinoor Publication
_c2010